000 00602nab#a2200205#c#4500
999 _c19057
_d19057
003 IEF
005 20191205181709.0
008 950704s1975 uuu|| #####0 b| |u
040 _aIEF
_cES-MaIEF
100 1 _aEstévez Cepeda, Eugenio
_914743
245 _aMagnitudes del sector público local
_binformación estadística
_c Eugenio Estévez Cepeda
260 _c1975
650 4 _aESPAÑA
_941092
650 4 _aHACIENDAS LOCALES
_945217
650 4 _aESTADISTICAS
_942650
773 0 _tHacienda Pública Española
_w34570
_gn. 35, 1975;pags. 71-139
942 _2udc
942 _2udc